000 00702ntaaa2200229 4500
003 01
005 20251027203233.0
008 0714s1973 ag 01
020 _a9502312384
040 _aAR-BaBN
_bspa
_cAR-BaBN
_eaacr
_dRIC
082 _a350.751 In89
100 _aInvernizzi, Hernán
_934752
245 _aUn golpe a los libros :
_bRepresión en la cultura durante la última dictadura militar /
_cHernán Invernizzi, Judith Gociol
250 _a1ª ed.
260 _aBuenos Aires :
_bEudeba,
_c2002
300 _a396 p. ;
_c23x16 cm.
650 _aDERECHOS HUMANOS
_911370
650 _aDICTADURA MILITAR
_934753
650 _aCENSURA
_925113
700 _aGociol, Judith
_934754
942 _cBK
999 _c27835
_d27835